Canales alternativos para la comercialización de productos biocomenrcio (Registro nro. 7773)

Detalles MARC
000 -CABECERA
Campo de control 01110nam a22002297a 4500
005 - FECHA Y HORA DE LA ULTIMA TRANSACCION
Campo de control 20180803165509.0
008 - ELEMENTOS DE LONGITUD FIJA—INFORMACION GENERAL
Campo de control 131112b2004 ck ||||| |||| 00| 0 spa d
040 ## - FUENTE DE CATALOGACIÓN
Agencia catalogadora original CO-BoIAVH
Agencia transcriptora CO-BoIAVH
041 ## - IDIOMA
Código de idioma para texto/pista de sonido o título separado Español
044 ## - PAÍS DE PUBLICACIÓN
País de publicación Colombia
090 ## - CLASIFICACIÓN LOCAL
Colección IAVH
Consecutivo 01464
100 ## - ASIENTO PRINCIPAL--NOMBRE PERSONAL
Nombre personal Rodriguez-Maritza
245 ## - MENCION DE TITULO
Título Canales alternativos para la comercialización de productos biocomenrcio
Parte restante del título Informe final
260 ## - PUBLICACION, DISTRIBUCION, ETC. (PIE DE IMPRENTA)
Lugar de publicación, distribución, etc. Bogota
Nombre del editor, distribuidor, etc. Instituto de Investigación de Recursos Biológicos Alexander von Humboldt
Fecha de publicación, distribución, etc. 2004
300 ## - DESCRIPCION FISICA
Extensión 141 p.
Otros detalles físicos il
Dimensiones 27 cm
500 ## - NOTA GENERAL
Nota general Informe técnico contrato Nº G-148/03
520 ## - NOTA DE RESUMEN, ETC.
Nota de resumen Estudio sobre los productos que están en la oferta de biocomercio, se encuentra cada vez más sensibilizado hacia productos y servicios diseñados, fabricados o prestados con el mínimo impacto ambiental y que presenta además la posibilidad de reutilización,reciclaje o recuperación,aspectos que actualmente están afectado los procesos de comercialización.
650 ## - ASIENTO SECUNDARIO DE MATERIA - TERMINO TEMATICO
Término temático o nombre geográfico como elemento de entrada Canales de comercializacion
650 ## - ASIENTO SECUNDARIO DE MATERIA - TERMINO TEMATICO
Término temático o nombre geográfico como elemento de entrada Biodiversidad
650 ## - ASIENTO SECUNDARIO DE MATERIA - TERMINO TEMATICO
Término temático o nombre geográfico como elemento de entrada Biocomercio
942 ## - ELEMENTOS ADICIONALES (KOHA)
Sistema de clasificación Local
Tipo de ítem Informe Técnico
Existencias
Withdrawn status Lost status Sistema de Clasificación Damaged status No para préstamo Colección Inventariado Ubicación Permanente Ubicación actual Fecha de adquisición Total Checkouts Número topográfico Inventario / Código de Barras Date last seen Ejemplar Price effective from Forma de adquisición Tipo de material
    Local     Humboldt Inventariado 2017 Bogotá Bogotá 12/11/2013   IAHV-01464 059241 09/08/2024 Ej. 2 12/11/2013   Informe Técnico